000 00644nam a2200229Ia 4500
003 OSt
005 20221006164702.0
006 a|||||r|||| 00| 0
007 ta
008 221006b |||||||| |||| 00| 0 eng d
024 _a1,230
037 _cTextual
040 _aFML
_cFML
_beng
041 _2eng
_aeng
082 _aNR44,6Delkta73, N6
100 _aKhan Hazaraat Inayat Au.
_9678104
245 0 _aThe Mysticism of Sound and Music
260 _aLondon
_bShambhala Publication
_c1996
300 _a322
_ccm.
942 _hNR44,6Delkta73, N6
_cTEXL
_2CC
999 _c1118109
_d1118109